000 00479nam a22001817a 4500
003 CEME
005 20210628202038.0
008 210224b xxu||||| |||| 00| 0 eng d
020 _a81-203-0361-X
040 _c.
082 _a515.35 COD
100 _aCoddington, Earl A
_958037
245 _aAn introduction to ordinary differential equations
260 _aNEW DELHI
_bPRENTICE HALL
_c1998
300 _aXI,291P
650 _aDIFFERENTIAL EQUATIONS
_9688
942 _cBK
_2ddc
999 _c568260
_d568260